Statistics for Asia Map Quiz - "B" Cities

Click here to take the quiz!

General Stats

  • This quiz has been taken 55 times
  • The average score is 15 of 20

Answer Stats

Answer % Correct
Beirut
100%
Baghdad
98%
Baku
96%
Bangkok
96%
Beijing
96%
Bishkek
94%
Busan
90%
Bandar Seri Begawan
90%
Basra
80%
Bengaluru
78%
Bandung
72%
Batman
68%
Banda Aceh
66%
Bursa
64%
Baotou
62%
Balikpapan
60%
Bhopal
56%
Bukhara
54%
Bhilai
46%
Batumi
40%

Score Distribution

Percentile by Number Answered

Percent of People with Each Score

Your Score History

You have not taken this quiz